Estadísticas para Cercanías Málaga

Haz click aquí para intentar la prueba.

Estadísticas generales

  • Esta prueba ha sido intentada 29 veces
  • La puntuación promedio es 16 de 23

Estadísticas de respuestas

Respuesta% Correcto
Fuengirola
96%
María Zambrano
85%
Aeropuerto
81%
Victoria Kent
81%
Málaga Centro Alameda
77%
Plaza Mayor
77%
Torremolinos
77%
Álora
69%
Guadalhorce
65%
La Colina
65%
Benalmádena - Arroyo de la Miel
62%
Cártama
62%
Carvajal
62%
El Pinillo
62%
Los Álamos
62%
Los Boliches
62%
Montemar Alto
62%
Pizarra
62%
Torremuelle
62%
Campanillas
58%
Los Prados
58%
Torreblanca
58%
Aljaima
54%

Distribución de puntuación

Porcentaje por número respondido

Porcentaje de gente con cada puntuación

Historial de tus puntuaciones

No has intentado esta prueba.